000
00292nam a22001097a 4500
008
230704b xxu||||| |||| 00| 0 eng d
082
_a
341.08
_b
FOL 1962
245
_a
Documents on International Affairs 1958
260
_b
Oxford University Press
_c
1962
300
_a
XVIII,605p
942
_2
ddc
_c
BK
999
_c
3703
_d
3703